Movies Quiz

Random Movies or Role Quiz

'N' Film Characters Quiz Stats

 Plays Quiz Updated Dec 15, 2015

Challenge
Share
Tweet
Score 0/20 Timer 03:00
0 Plays Today
% Correct
Nemo (Finding Nemo)
95%
Napoleon Dynamite (Napoleon Dynamite)
85.4%
Neo (The Matrix)
82.6%
Nala (The Lion King)
78.8%
Nacho (Nacho Libre)
72.1%
Neville Longbottom (Harry Potter)
66.4%
Nick Fury (Iron Man, etc.)
66%
Norman Bates (Psycho)
51%
Ned Ryerson (Groundhog Day)
48.7%
Nightcrawler (X2: X-Men United)
40.2%
% Correct
Col. Nathan R. Jessup (A Few Good Men)
37.7%
Nell (Nell)
31.7%
Noah Calhoun (The Notebook)
26.9%
Nina Sayers (Black Swan)
22.9%
Nigel Tufnel (This Is Spinal Tap)
19.9%
Newt (Aliens)
15.1%
Nim Rusoe (Nim's Island)
13.1%
Nikita (La Femme Nikita)
10.9%
Neytiri (Avatar)
10.3%
Navin R. Johnson (The Jerk)
9.5%

You're not logged in!

Compare scores with friends on all Sporcle quizzes.
OR
Log In

You Might Also Like...

Show Comments

Extras

Top Quizzes Today


Score Distribution

Your Account Isn't Verified!

In order to create a playlist on Sporcle, you need to verify the email address you used during registration. Go to your Sporcle Settings to finish the process.

Report this User

Report this user for behavior that violates our Community Guidelines.

Details: